| 000 | 00496cam a2200193ua 4500 | ||
|---|---|---|---|
| 020 |
_a81 7029 790 7 _c399.00 |
||
| 041 |
_aeng _h |
||
| 082 |
_a004.65 _bDYS/MA |
||
| 100 | _aPeter, Dyson . | ||
| 245 |
_aMastering microsoft internet information server / _cDyson Peter. _hTextual Documents |
||
| 250 |
_a1 / _b. |
||
| 260 |
_aNew Delhi : _bBPB Publications , _c1993. |
||
| 300 | _a813 ; . | ||
| 365 | _a399.00 | ||
| 500 | _a*CSS | ||
| 504 | _a | ||
| 942 | _cBK | ||
| 999 |
_c2978 _d2978 |
||